LEADER 00996nlm0 22003251i 450 001 990009814960403321 005 20140127123359.0 010 $a9788815314000 035 $a000981496 035 $aFED01000981496 035 $a(Aleph)000981496FED01 035 $a000981496 100 $a20140127d2013----km-y0itay0103----ba 101 0 $aita 135 $adrnn-008mamaa 200 1 $aGermania$bRisorsa elettronica$fFrancesco Palermo, Jens Woelk 210 $aBologna$cSocietā editrice il Mulino$d2013 230 $aDocumento elettronico 336 $aTesto 337 $aFormato html, pdf 610 0 $aGermania$aOrdinamento politico$a1945-2005 676 $a342.43 700 1$aPalermo,$bFrancesco$f<1969- >$0177105 701 1$aWoelk,$bJens$0313929 801 0$aIT$bUNINA$gREICAT$2UNIMARC 856 4 $zFull text per gli utenti Federico II$uhttp://www.darwinbooks.it/doi/10.978.8815/314000 901 $aEB 912 $a990009814960403321 996 $aGermania$993266 997 $aUNINA LEADER 01762nas 2200553- 450 001 9910420857903321 005 20210130035701.3 011 $a2690-7097 035 $a(OCoLC)1142634294 035 $a(CKB)4100000011508218 035 $a(CONSER)--2020201856 035 $a(DE-599)ZDB3041845-8 035 $a(EXLCZ)994100000011508218 100 $a20200302a20209999 o-- a 101 0 $aeng 135 $aur||||||||||| 181 $ctxt$2rdacontent 182 $cc$2rdamedia 183 $acr$2rdacarrier 200 00$aATS scholar 210 1$aNew York, NY :$cAmerican Thoracic Society,$d[2020]- 215 $a1 online resource 300 $aRefereed/Peer-reviewed 517 1 $aAmerican Thoracic Society scholar 531 0 $aATS sch. 606 $aRespiratory organs$xDiseases$vPeriodicals 606 $aMedical education$vPeriodicals 606 $aMedical personnel$xTraining of$vPeriodicals 606 $aRespiratory Tract Diseases 606 $aRespiratory System 606 $aMedical education$2fast$3(OCoLC)fst01014024 606 $aMedical personnel$xTraining of$2fast$3(OCoLC)fst01014474 606 $aRespiratory organs$xDiseases$2fast$3(OCoLC)fst01095766 608 $aPeriodical. 608 $aPeriodicals.$2fast 615 0$aRespiratory organs$xDiseases 615 0$aMedical education 615 0$aMedical personnel$xTraining of 615 12$aRespiratory Tract Diseases. 615 22$aRespiratory System. 615 7$aMedical education. 615 7$aMedical personnel$xTraining of. 615 7$aRespiratory organs$xDiseases. 676 $a610.71173 712 02$aAmerican Thoracic Society, 906 $aJOURNAL 912 $a9910420857903321 996 $aATS scholar$92564600 997 $aUNINA